Patología abdominal clínica / (Record no. 67852)

MARC details
000 -LEADER
campo de control de longitud fija 00759nam a2200193 i 4500
001 - NÚMERO DE CONTROL
campo de control 67852
003 - IDENTIFICADOR DE NÚMERO DE CONTROL
campo de control ES-MaACL
005 - FECHA Y HORA DE LA ÚLTIMA TRANSACCIÓN
campo de control 20230906170147.0
007 - CAMPO FIJO DE DESCRIPCIÓN FÍSICA--INFORMACIÓN GENERAL
campo de control de longitud fija t|
008 - DATOS DE LONGITUD FIJA--INFORMACIÓN GENERAL
campo de control de longitud fija 040206s1943 sp ||||1| spa d
100 1# - ENTRADA PRINCIPAL--NOMBRE DE PERSONA
Nombre de persona Gallart Monés, Francisco.
9 (RLIN) 183213
245 10 - MENCIÓN DEL TÍTULO
Título Patología abdominal clínica /
Mención de responsabilidad, etc. publicada bajo la dirección de Francisco Gallart Monés.
260 ## - PUBLICACIÓN, DISTRIBUCIÓN, ETC.
Lugar de publicación, distribución, etc. Barcelona :
Nombre del editor, distribuidor, etc. Salvat,
Fecha de publicación, distribución, etc. [1943] (
Fabricante Imp. Hispano-Americana)
300 ## - DESCRIPCIÓN FÍSICA
Extensión X, 683 p. :
Otras características físicas il. ;
Dimensiones 27 cm.
500 ## - NOTA GENERAL
Nota general Precede al tít.: Escuela de Patología Digestiva del Hospital de Sta. Cruz y S. Pablo de Barcelona.
710 2# - ENTRADA AGREGADA--NOMBRE DE ENTIDAD CORPORATIVA
Nombre de entidad corporativa o nombre de jurisdicción como elemento de entrada Escuela de Patología Digestiva del Hospital de Sta. Cruz y S. Pablo de Barcelona.
9 (RLIN) 3558
852 ## - LOCALIZACIÓN
Ubicación ES-MaACL
Número de control de estantería E-151
Sublocalización o colección R.19822
Holdings
Estatus retirado Estado de pérdida Estado de daño No para préstamo Biblioteca de origen Biblioteca actual Ubicación en estantería Fecha de adquisición Fuente de adquisición Total de préstamos Signatura topográfica completa Código de barras Visto por última vez Precio de reemplazo Tipo de ítem Koha
        Biblioteca del Ateneo de Madrid Biblioteca del Ateneo de Madrid Depósito 2 17/01/2008     E-151 1071036 23/02/2023 23/02/2023 Libro impreso